[Event "Ruhrgebiet Verbandsliga2 1213"]
[Site "Nordrheinwestfalen"]
[Date "2012.12.02"]
[Round "4.5"]
[White "Schneider, Markus"]
[Black "Gross, Thomas"]
[Result "1-0"]
[WhiteElo "1878"]
[BlackElo "1898"]
[PlyCount "61"]
[EventDate "2012.09.02"]
[EventType "team-tourn"]
[EventRounds "9"]
[EventCountry "GER"]
[SourceTitle "EXT 2020"]
[Source "ChessBase"]
[SourceDate "2019.10.17"]
[SourceVersion "1"]
[SourceVersionDate "2019.10.17"]
[SourceQuality "1"]
[WhiteTeam "Mengede SG"]
[BlackTeam "Oberhausen SV II"]
[WhiteTeamCountry "GER"]
[BlackTeamCountry "GER"]

1. e4 e6 2. d4 d5 3. Nd2 h6 4. Bd3 c5 5. c3 cxd4 6. cxd4 dxe4 7. Nxe4 Bb4+ 8. Nc3 Nc6 9. Nf3 Nf6 10. 0-0 0-0 11. h3 b6 12. a3 Be7 13. Re1 Bb7 14. Bf4 Rc8 15. Rc1 Kh8 16. Bb1 Bd6 17. Ne5 Bb8 18. Nxc6 Bxc6 19. Be5 Bxe5 20. dxe5 Qxd1 21. Rcxd1 Nd5 22. Ne4 Nf4 23. Kh2 Bxe4 24. Rxe4 Nd5 25. Red4 Rc5 26. Be4 Nf4 27. Ra4 Rxe5 28. Bf3 a5 29. Rxf4 Rb5 30. Rd2 e5 31. Rc4 1-0

[Event "Ruhrgebiet Verbandsliga2 1011"]
[Site "Nordrheinwestfalen"]
[Date "2010.10.24"]
[Round "2.4"]
[White "Schaller, Torsten"]
[Black "Schneider, Markus"]
[Result "1/2-1/2"]
[WhiteElo "1993"]
[BlackElo "1922"]
[PlyCount "81"]
[EventDate "2010.09.12"]
[EventType "team-tourn"]
[EventRounds "9"]
[EventCountry "GER"]
[SourceTitle "EXT 2020"]
[Source "ChessBase"]
[SourceDate "2019.10.17"]
[SourceVersion "1"]
[SourceVersionDate "2019.10.17"]
[SourceQuality "1"]
[WhiteTeam "Welper SV"]
[BlackTeam "Mengede SG"]
[WhiteTeamCountry "GER"]
[BlackTeamCountry "GER"]

1. d4 Nf6 2. c4 g6 3. Nc3 Bg7 4. e4 d6 5. Nf3 0-0 6. h3 e5 7. d5 a5 8. Bg5 h6 9. Be3 Na6 10. Be2 Bd7 11. g4 Ne8 12. Rg1 Qc8 13. Bd3 Nc5 14. Bc2 Kh7 15. Qd2 Ra6 16. Nh2 Qd8 17. 0-0-0 a4 18. h4 Ra8 19. Rdf1 c6 20. f4 exf4 21. Bxf4 Qa5 22. e5 a3 23. b3 dxe5 24. Be3 cxd5 25. Nxd5 Qxd2+ 26. Kxd2 Ne6 27. h5 Nd6 28. Nf6+ Bxf6 29. Rxf6 e4 30. Rgf1 Kg7 31. c5 Ne8 32. R6f2 Bc6 33. Kc3 g5 34. Rd1 N8c7 35. Nf1 Rad8 36. Rxd8 Rxd8 37. b4 Re8 38. Bb3 Nd5+ 39. Bxd5 Bxd5 40. Rd2 Bc6 41. Kc4 1/2-1/2

[Event "Ruhrgebiet VK1 0910"]
[Site "Ruhrgebiet"]
[Date "2010.02.07"]
[Round "6.5"]
[White "Schneider, Markus"]
[Black "Korber, Markus"]
[Result "1/2-1/2"]
[WhiteElo "1948"]
[BlackElo "1885"]
[PlyCount "28"]
[EventDate "2009.09.06"]
[EventType "team"]
[EventRounds "9"]
[EventCountry "GER"]
[SourceTitle "EXT 2011"]
[Source "ChessBase"]
[SourceDate "2010.11.26"]
[SourceVersion "1"]
[SourceVersionDate "2010.11.26"]
[SourceQuality "1"]
[WhiteTeam "Mengede SG"]
[BlackTeam "Rochade Steele/Kray"]
[WhiteTeamCountry "GER"]
[BlackTeamCountry "GER"]

1. e4 c5 2. Nc3 Nc6 3. g3 g6 4. Bg2 Bg7 5. d3 e6 6. Be3 d6 7. Qd2 Qa5 8. Nge2 Nd4 9. 0-0 Ne7 10. Kh1 Nec6 11. a3 Nxe2 12. Qxe2 Nd4 13. Qd2 0-0 14. f4 f5 1/2-1/2

[Event "Ruhrgebiet VK1 0910"]
[Site "Ruhrgebiet"]
[Date "2009.12.06"]
[Round "4.5"]
[White "Schneider, Markus"]
[Black "Muehlbradt, Alexander"]
[Result "1/2-1/2"]
[WhiteElo "1948"]
[BlackElo "1800"]
[PlyCount "63"]
[EventDate "2009.09.06"]
[EventType "team"]
[EventRounds "9"]
[EventCountry "GER"]
[SourceTitle "EXT 2011"]
[Source "ChessBase"]
[SourceDate "2010.11.26"]
[SourceVersion "1"]
[SourceVersionDate "2010.11.26"]
[SourceQuality "1"]
[WhiteTeam "Mengede SG"]
[BlackTeam "Essen Ueberruhr II"]
[WhiteTeamCountry "GER"]
[BlackTeamCountry "GER"]

1. e4 c6 2. d4 d5 3. e5 Bf5 4. Nf3 h6 5. Be2 e6 6. 0-0 Qb6 7. Nbd2 c5 8. c4 cxd4 9. Nb3 d3 10. Bxd3 dxc4 11. Bxc4 Nc6 12. Be3 Qc7 13. Bb5 Rd8 14. Qe2 Nge7 15. Rac1 a6 16. Bxc6+ Nxc6 17. Rfd1 Rxd1+ 18. Qxd1 Be4 19. Nbd4 Be7 20. Nxc6 Bxc6 21. Nd4 0-0 22. Nxc6 bxc6 23. f4 Rd8 24. Qc2 Qa5 25. a3 c5 26. h3 Rd5 27. Kh2 Qb5 28. Qf2 a5 29. Rf1 Qd3 30. Rc1 c4 31. Rc3 Qe4 32. Qc2 1/2-1/2

[Event "Ruhrgebiet VK1 0910"]
[Site "Ruhrgebiet"]
[Date "2009.09.06"]
[Round "1.5"]
[White "Schneider, Markus"]
[Black "Scheele, Frank"]
[Result "1-0"]
[WhiteElo "1948"]
[BlackElo "1899"]
[PlyCount "33"]
[EventDate "2009.09.06"]
[EventType "team"]
[EventRounds "9"]
[EventCountry "GER"]
[SourceTitle "EXT 2011"]
[Source "ChessBase"]
[SourceDate "2010.11.26"]
[SourceVersion "1"]
[SourceVersionDate "2010.11.26"]
[SourceQuality "1"]
[WhiteTeam "Mengede SG"]
[BlackTeam "Hervest Dorsten"]
[WhiteTeamCountry "GER"]
[BlackTeamCountry "GER"]

1. e4 e6 2. d4 d5 3. Nd2 Nf6 4. e5 Nfd7 5. f4 c5 6. Ngf3 cxd4 7. Nxd4 Nc6 8. N2f3 Nxd4 9. Nxd4 g5 10. Nxe6 Bb4+ 11. c3 Bxc3+ 12. bxc3 fxe6 13. Qh5+ Kf8 14. Qh6+ Kf7 15. Be2 Nf8 16. 0-0 Rg8 17. Bh5+ 1-0

[Event "Ruhrgebiet VK2 0708"]
[Site "Germany"]
[Date "2008.02.17"]
[Round "6.3"]
[White "Schneider, Markus"]
[Black "Mallach, Heinz Joachim"]
[Result "1-0"]
[WhiteElo "1960"]
[BlackElo "1829"]
[PlyCount "83"]
[EventDate "2007.09.16"]
[EventType "team"]
[EventRounds "9"]
[EventCountry "GER"]
[SourceTitle "EXT 2009"]
[Source "ChessBase"]
[SourceDate "2008.11.26"]
[SourceVersion "1"]
[SourceVersionDate "2008.11.26"]
[SourceQuality "1"]
[WhiteTeam "Mengede SG"]
[BlackTeam "Altstadt RE II"]
[WhiteTeamCountry "GER"]
[BlackTeamCountry "GER"]

1. e4 e6 2. d4 d5 3. Nd2 Nf6 4. e5 Nfd7 5. f4 c5 6. Ngf3 Nc6 7. Nb3 cxd4 8. Nbxd4 Nxd4 9. Nxd4 Bc5 10. c3 0-0 11. Be3 Bxd4 12. Bxd4 f5 13. exf6 Nxf6 14. Bd3 Qe7 15. 0-0 Bd7 16. Qe2 a6 17. Rae1 Qf7 18. g4 Bc6 19. Bxf6 Qxf6 20. Qxe6+ Qxe6 21. Rxe6 Rf7 22. f5 Rd8 23. Rfe1 Kf8 24. Rd1 Re7 25. Rxe7 Kxe7 26. Bc2 Kf6 27. Kf2 Re8 28. h4 g5 29. fxg6 hxg6 30. Rd3 Rh8 31. Kg3 Re8 32. Rf3+ Kg7 33. Rf2 Re3+ 34. Kf4 Re8 35. Bd3 Bd7 36. Re2 Rf8+ 37. Kg3 Rf2 38. Re5 Bc6 39. Rg5 Rf6 40. h5 d4 41. Rxg6+ Rxg6 42. Bxg6 1-0

[Event "Ruhrgebiet VK2 0708"]
[Site "Germany"]
[Date "2007.10.21"]
[Round "2.3"]
[White "Hackbusch, Joern"]
[Black "Schneider, Markus"]
[Result "0-1"]
[WhiteElo "1999"]
[BlackElo "1960"]
[PlyCount "58"]
[EventDate "2007.09.16"]
[EventType "team"]
[EventRounds "9"]
[EventCountry "GER"]
[SourceTitle "EXT 2009"]
[Source "ChessBase"]
[SourceDate "2008.11.26"]
[SourceVersion "1"]
[SourceVersionDate "2008.11.26"]
[SourceQuality "1"]
[WhiteTeam "Dortmund Hansa III"]
[BlackTeam "Mengede SG"]
[WhiteTeamCountry "GER"]
[BlackTeamCountry "GER"]

1. e4 c5 2. c3 Nf6 3. e5 Nd5 4. d4 cxd4 5. Nf3 e6 6. cxd4 b6 7. Bd3 Bb4+ 8. Bd2 Bxd2+ 9. Qxd2 Ba6 10. 0-0 Bxd3 11. Qxd3 Nc6 12. Nc3 Nxc3 13. bxc3 h6 14. d5 Na5 15. Rad1 0-0 16. Qe4 Qc7 17. d6 Qc5 18. Nd4 Rac8 19. f4 Qxc3 20. f5 Rc4 21. Rf3 Qb4 22. Rg3 Qa4 23. Qg4 g6 24. f6 Nc6 25. Qh5 Kh7 26. Qxh6+ Kxh6 27. Rh3+ Kg5 28. Nf3+ Kf5 29. Rf1 Rf4 0-1

[Event "Ruhrgebiet VL1 0405"]
[Site "Ruhrgebiet"]
[Date "2004.11.28"]
[Round "4.3"]
[White "Schneider, Markus"]
[Black "Gueroff, Eduard"]
[Result "0-1"]
[WhiteElo "1995"]
[BlackElo "2161"]
[PlyCount "76"]
[EventDate "2004.09.12"]
[EventType "team"]
[EventRounds "9"]
[EventCountry "GER"]
[SourceTitle "EXT 2006"]
[Source "ChessBase"]
[SourceDate "2005.11.24"]
[SourceVersion "1"]
[SourceVersionDate "2005.11.24"]
[SourceQuality "1"]
[WhiteTeam "Mengede SG"]
[BlackTeam "Bochum SV 02"]
[WhiteTeamCountry "GER"]
[BlackTeamCountry "GER"]

1. e4 e5 2. Nf3 Nc6 3. Bb5 Qf6 4. 0-0 Bc5 5. c3 Nge7 6. d3 h6 7. Be3 Bd6 8. Nbd2 a6 9. Ba4 b5 10. Bc2 0-0 11. d4 Ng6 12. dxe5 Ngxe5 13. Nxe5 Qxe5 14. f4 Qe7 15. Kh1 Bc5 16. Bxc5 Qxc5 17. e5 Ne7 18. Qf3 Rb8 19. Rae1 Bb7 20. Qg3 Qc6 21. f5 f6 22. Be4 d5 23. exd6 Qxd6 24. Qxd6 cxd6 25. Bxb7 Rxb7 26. Re6 Rd8 27. g4 Kf7 28. Rfe1 h5 29. h3 hxg4 30. hxg4 Nd5 31. R1e4 Rbd7 32. Nf3 g6 33. fxg6+ Kxg6 34. Nh4+ Kg5 35. Nf5 Nf4 36. Re7 Kxg4 37. Rxd7 Rxd7 38. Rd4 Kxf5 0-1

[Event "Ruhrgebiet VL1 0405"]
[Site "Ruhrgebiet"]
[Date "2004.09.12"]
[Round "1.3"]
[White "Lange, Andreas"]
[Black "Schneider, Markus"]
[Result "0-1"]
[WhiteElo "2052"]
[BlackElo "1995"]
[PlyCount "80"]
[EventDate "2004.09.12"]
[EventType "team"]
[EventRounds "9"]
[EventCountry "GER"]
[SourceTitle "EXT 2006"]
[Source "ChessBase"]
[SourceDate "2005.11.24"]
[SourceVersion "1"]
[SourceVersionDate "2005.11.24"]
[SourceQuality "1"]
[WhiteTeam "Brambauer"]
[BlackTeam "Mengede SG"]
[WhiteTeamCountry "GER"]
[BlackTeamCountry "GER"]

1. d4 Nf6 2. Nf3 g6 3. Nc3 d5 4. Bf4 Bg7 5. e3 c6 6. Be2 Nbd7 7. Ne5 Nxe5 8. Bxe5 0-0 9. h4 Ne4 10. Bxg7 Kxg7 11. Nxe4 dxe4 12. h5 Qa5+ 13. Qd2 Qxd2+ 14. Kxd2 f5 15. f3 exf3 16. gxf3 g5 17. e4 h6 18. Ke3 fxe4 19. fxe4 Be6 20. c4 Rf4 21. d5 Bd7 22. Rad1 Raf8 23. e5 Bf5 24. Rd4 Bd7 25. e6 Be8 26. Re4 R8f5 27. Rd1 Kf6 28. Rdd4 Rxe4+ 29. Rxe4 cxd5 30. cxd5 Rxd5 31. Rb4 b6 32. Bc4 Re5+ 33. Kd4 Bxh5 34. Rb3 Bg4 35. Rg3 h5 36. Rg2 Rf5 37. Bd3 Rf4+ 38. Kc3 Bxe6 39. Be2 g4 40. Bb5 Bd5 0-1

[Event "Oberfranken-ch U16 0304"]
[Site "Schney"]
[Date "2004.01.04"]
[Round "5"]
[White "Diller, Jens"]
[Black "Schneider, Markus"]
[Result "1/2-1/2"]
[WhiteElo "1211"]
[BlackElo "1362"]
[PlyCount "34"]
[EventDate "2004.01.02"]
[EventType "swiss"]
[EventRounds "7"]
[EventCountry "GER"]
[SourceTitle "EXT 2005"]
[Source "ChessBase"]
[SourceDate "2004.11.15"]
[SourceVersion "1"]
[SourceVersionDate "2004.11.15"]
[SourceQuality "1"]

1. d4 Nf6 2. Nf3 g6 3. Nc3 Bg7 4. e4 d6 5. Be2 0-0 6. Bf4 Nbd7 7. Bg3 b6 8. 0-0 Bb7 9. Bd3 Nh5 10. Qe2 c5 11. d5 Rc8 12. Rab1 Qc7 13. Nb5 Qb8 14. Na3 Rfe8 15. Bb5 Rc7 16. Rfd1 Nxg3 17. fxg3 Qa8 1/2-1/2

[Event "Oberfranken-ch U16 0304"]
[Site "Schney"]
[Date "2004.01.03"]
[Round "3"]
[White "Biniszewski, Dominik"]
[Black "Schneider, Markus"]
[Result "1/2-1/2"]
[WhiteElo "1353"]
[BlackElo "1362"]
[PlyCount "51"]
[EventDate "2004.01.02"]
[EventType "swiss"]
[EventRounds "7"]
[EventCountry "GER"]
[SourceTitle "EXT 2005"]
[Source "ChessBase"]
[SourceDate "2004.11.15"]
[SourceVersion "1"]
[SourceVersionDate "2004.11.15"]
[SourceQuality "1"]

1. e4 e6 2. d4 d5 3. exd5 exd5 4. Nc3 Bb4 5. Qe2+ Ne7 6. Bd2 0-0 7. Nf3 Bg4 8. h3 Bh5 9. g4 Bg6 10. 0-0-0 Nd7 11. Bg2 c6 12. a3 Bd6 13. Rhe1 b5 14. b4 a5 15. Na2 axb4 16. Bxb4 Bxb4 17. Nxb4 Rxa3 18. Qxe7 Qa5 19. Nd2 Ra1+ 20. Nb1 c5 21. Kd2 Qxb4+ 22. Ke2 Nf6 23. Qxc5 Qc4+ 24. Qxc4 bxc4 25. Nc3 Rxd1 26. Kxd1 1/2-1/2

[Event "Ruhrgebiet VL2 0304"]
[Site "Ruhrgebiet"]
[Date "2003.11.09"]
[Round "3.3"]
[White "Schneider, Markus"]
[Black "Ritter, Uwe"]
[Result "1/2-1/2"]
[WhiteElo "1981"]
[BlackElo "2006"]
[PlyCount "86"]
[EventDate "2003.09.28"]
[EventType "team"]
[EventRounds "9"]
[EventCountry "GER"]
[SourceTitle "EXT 2007"]
[Source "ChessBase"]
[SourceDate "2006.11.23"]
[SourceVersion "1"]
[SourceVersionDate "2006.11.23"]
[SourceQuality "1"]
[WhiteTeam "Mengede SG"]
[BlackTeam "Wacker Bergeborbeck"]
[WhiteTeamCountry "GER"]
[BlackTeamCountry "GER"]

1. e4 c5 2. Nc3 Nc6 3. g3 g6 4. Bg2 Bg7 5. d3 d6 6. Be3 e5 7. Qd2 Nge7 8. h4 h5 9. Nh3 Nd4 10. f4 Bg4 11. 0-0 Qd7 12. Kh2 exf4 13. Nxf4 0-0 14. Rf2 b5 15. Raf1 b4 16. Ncd5 Nec6 17. Nh3 f5 18. c3 bxc3 19. bxc3 Ne6 20. Nhf4 Nxf4 21. Nxf4 Kh7 22. exf5 gxf5 23. d4 cxd4 24. cxd4 Rae8 25. Bxc6 Qxc6 26. d5 Qc3 27. Qxc3 Bxc3 28. Ne6 Rg8 29. Rc1 Be5 30. Rc7+ Kg6 31. Rxa7 Rb8 32. a4 Rgc8 33. Bf4 Rb1 34. Nc7 Bxf4 35. gxf4 Rc1 36. Nb5 Re1 37. Rc7 Rce8 38. Nxd6 R8e3 39. Nc4 Rh3+ 40. Kg2 Reh1 41. Ne5+ Kh6 42. Nf7+ Kg6 43. Nh8+ Kh6 1/2-1/2